Wine Regions of California (typing) - Statistics

General Stats
  • This quiz has been taken 188 times
    185 since last reset
  • The average score is 12 of 17
Answers on the Map
Answers color-coded by a green-red scale on the quiz's map according to % correct below.
 
Answer Stats
AVA % Correct
Napa Valley
97%
Lodi
82%
Sonoma County
81%
Los Carneros
79%
Monterey
79%
Sonoma Coast
79%
Russian River Valley
77%
Alexander Valley
76%
Napa County
73%
Paso Robles
73%
Anderson Valley
68%
Mendocino County
68%
Santa Barbara County
66%
Santa Cruz Mountains
65%
Dry Creek Valley
63%
Santa Maria Valley
63%
San Luis Obispo County
58%
No matching quizzes found
Score Distribution
Percent of People with Each Score
Percentile by Number Answered
Your Score History
You have not taken this quiz since the last reset